El Consejo de Europa y la seguridad en la carretera / (Registro nro. 102365)

Detalles MARC
000 -LEADER
campo de control de longitud fija 00490nam a2200169 i 4500
001 - NÚMERO DE CONTROL
campo de control 102365
003 - IDENTIFICADOR DE NÚMERO DE CONTROL
campo de control ES-MaACL
005 - FECHA Y HORA DE LA ÚLTIMA TRANSACCIÓN
campo de control 20231223063054.0
007 - CAMPO FIJO DE DESCRIPCIÓN FÍSICA--INFORMACIÓN GENERAL
campo de control de longitud fija t|
008 - DATOS DE LONGITUD FIJA--INFORMACIÓN GENERAL
campo de control de longitud fija 051110q19501970zzz ||||1| spa d
100 1# - ENTRADA PRINCIPAL--NOMBRE DE PERSONA
Nombre de persona Meneu Monleón, Pascual
9 (RLIN) 80349
245 13 - MENCIÓN DEL TÍTULO
Título El Consejo de Europa y la seguridad en la carretera /
Mención de responsabilidad, etc. Pascual Meneu...
260 ## - PUBLICACIÓN, DISTRIBUCIÓN, ETC.
Lugar de publicación, distribución, etc. [s.l. :
Nombre del editor, distribuidor, etc. s.n.,
Fecha de publicación, distribución, etc. 19--?]
300 ## - DESCRIPCIÓN FÍSICA
Extensión 2 h. ;
Dimensiones 27 cm.
852 ## - LOCALIZACIÓN
Ubicación ES-MaACL
Número de control de estantería 2094-F-21
Sublocalización o colección R.91531
Existencias
Estatus retirado Estado de pérdida Estado de daño No para préstamo Colección Biblioteca de origen Biblioteca actual Ubicación en estantería Fecha de adquisición Fuente de adquisición Total de préstamos Signatura topográfica completa Código de barras Visto por última vez Precio de reemplazo Tipo de ítem Koha
        Colección de folletos Biblioteca del Ateneo de Madrid Biblioteca del Ateneo de Madrid Depósito folletos 17/01/2008     2094-F-21 1106856 23/02/2023 23/02/2023 Folleto